The iron cage (Record no. 33486)
[ view plain ]
| 000 -LEADER | |
|---|---|
| fixed length control field | 01443nam a2200349Ia 4500 |
| 100 1# - MAIN ENTRY--AUTHOR NAME | |
| Personal name | Khalidi, Rashid. |
| 245 14 - TITLE STATEMENT | |
| Title | The iron cage |
| 250 ## - EDITION STATEMENT | |
| Edition statement | 1st ed. |
| 260 ## - PUBLICATION, DISTRIBUTION, ETC. (IMPRINT) | |
| Place of publication | Boston : |
| Name of publisher | Beacon Press, |
| Year of publication | 2007, c2006. |
| 300 ## - PHYSICAL DESCRIPTION | |
| Number of Pages | xlviii, 288 p. : |
| Other physical details | maps. |
| 650 #0 - SUBJECT ADDED ENTRY--TOPICAL TERM | |
| Topical Term | Palestinian Arabs |
| Topical Term | National liberation movements |
| Topical Term | Arab-Israeli conflict. |
| 856 40 - ELECTRONIC LOCATION AND ACCESS | |
| Uniform Resource Identifier | http://site.ebrary.com/lib/rucke/Doc?id=10256063 |
No items available.
